Best / Worst Countries for Reporters - Statistics

General Stats
  • This quiz has been taken 169 times
  • The average score is 21 of 34
Answer Stats
Score Country % Correct
12.33 Sweden
90%
83.76 North Korea
88%
8.79 Norway
88%
8.59 Finland
87%
80.96 China
83%
66.52 Iran
82%
8.89 Denmark
81%
81.35 Syria
80%
14.80 Germany
79%
11.76 Switzerland
76%
13.18 Austria
74%
12.40 Ireland
71%
8.76 Netherlands
69%
59.72 Saudi Arabia
69%
67.07 Yemen
69%
14.18 Belgium
67%
72.53 Sudan
64%
14.43 Luxembourg
63%
65.35 Somalia
62%
14.31 Estonia
61%
57.89 Libya
60%
83.92 Eritrea
57%
70.23 Cuba
56%
83.44 Turkmenistan
55%
10.01 New Zealand
54%
71.58 Laos
47%
74.27 Vietnam
46%
61.15 Uzbekistan
40%
57.89 Azerbaijan
35%
70.90 Djibouti
33%
13.26 Slovakia
33%
11.10 Costa Rica
23%
66.47 Equatorial Guinea
17%
12.45 Jamaica
15%
No matching quizzes found
Score Distribution
Percent of People with Each Score
Percentile by Number Answered
Your Score History
You have not taken this quiz